Catálogo
 En Linea

Brindis poético : (Registro nro. 47001)

Detalles MARC
000 -CABECERA
campo de control de longitud fija 00582nam a2200169 a 4500
001 - NÚMERO DE CONTROL
campo de control 000047513
005 - FECHA Y HORA DE LA ÚLTIMA TRANSACCIÓN
campo de control 20201002060600.0
008 - DATOS DE LONGITUD FIJA--INFORMACIÓN GENERAL
campo de control de longitud fija 090903s2000 dr a 001 0 spa d
040 ## - FUENTE DE LA CATALOGACIÓN
Centro catalogador/agencia de origen DO-SdBNP
Lengua de catalogación spa
Centro/agencia transcriptor BNPHU
082 ## - NÚMERO DE LA CLASIFICACIÓN DECIMAL DEWEY
Número de clasificación xxx
Número de documento/Ítem L581b
100 1# - ENTRADA PRINCIPAL--NOMBRE DE PERSONA
Nombre de persona Leonardo de Nuñez, Reina
9 (RLIN) 19078
245 10 - MENCIÓN DE TÍTULO
Título Brindis poético :
Resto del título ¡500 pensamientos para la juventud de hoy y los hombres de mañana! /
Mención de responsabilidad, etc. Reina Leonardo de Nuñez.
260 ## - PUBLICACIÓN, DISTRIBUCIÓN, ETC.
Lugar de publicación, distribución, etc. Santo Domingo, :
Nombre del editor, distribuidor, etc. Mediabyte,
Fecha de publicación, distribución, etc. 2000.
300 ## - DESCRIPCIÓN FÍSICA
Extensión 71 p. :
Otras características físicas il ;
Dimensiones 22 cm.
590 ## - NOTA LOCAL (RLIN)
Nota local Inventariado, 2018/ YL
700 1# - PUNTO DE ACCESO ADICIONAL--NOMBRE DE PERSONA
Nombre de persona Báez, Gloria
Término indicativo de función/relación prólogo
9 (RLIN) 19079
Existencias
Estado de retiro Estado de pérdida No para préstamo Código de colección Localización permanente Ubicación/localización actual Ubicación en estantería Fecha de adquisición Número de inventario Total de préstamos Signatura topográfica completa Código de barras Fecha visto por última vez Precio válido a partir de Tipo de ítem Koha Nota pública
      Patrimonio Dominicano Patrimonio Dominicano Patrimonio Dominicano Orden iniciada 14.06.2018 LF1   xxx L581b 47513-10 25.06.2020 25.06.2020 Libro y Folleto Colección Patrimonio Dominicano Perteneció a la biblioteca personal de Bárbara Suncar
      Patrimonio Dominicano Patrimonio Dominicano Patrimonio Dominicano Orden iniciada 14.06.2018 LF1   xxx L581b 47514-10 25.06.2020 25.06.2020 Libro y Folleto Colección Patrimonio Dominicano  

Con tecnología Koha